The Beginnings of Ethnography in Slovakia

Bibliographic Details
Main Author: Urbancová, Viera, 1929-2007 (Author)
Format: Article
Language:English

MARC

LEADER 00000nab a2200000ua 4500
001 vtls010849433
003 SK-MaSNL
005 20260303134824.0
008 230218s xo |||||||||||||||||eng|
035 |a (urnnbn)urn:nbn:sk:snk:ar-a079lj 
035 |a urn:nbn:sk:snk-ab6a4r 
035 |a (uuid)4df24419-630c-4103-b889-5e4f029400c0 
040 |a SNKBUCL  |b slo  |c SNKBUCL  |e AACR2 
041 0 |a eng 
044 |a xo  |c SK 
100 1 |a Urbancová, Viera,  |d 1929-2007  |4 aut  |9 197068 
245 1 4 |a The Beginnings of Ethnography in Slovakia  |c Viera Urbancová 
773 0 |t Ethnologia slavica : zborník Filozofickej fakulty Univerzity Komenského  |g Roč. 12-13, č. 12-13 (1980-81), s. 93-110 
958 |a OND 
958 |a EUIPO 
958 |a article5 
999 |c 1961985  |d 1963915